Promoting research excellence new approaches to funding

Guardado en:
Detalles Bibliográficos
Formato: Libro
Lenguaje:inglés
Publicado: Paris OECD 2014
Materias:
Etiquetas: Agregar Etiqueta
Sin Etiquetas, Sea el primero en etiquetar este registro!

MARC

LEADER 00000nam a2200000 4500
001 0188805
005 20240315121141.7
020 |a 978-92-64-20745-5 
041 0 |a eng 
044 |a FR 
245 1 0 |a Promoting research excellence  |b new approaches to funding 
264 1 |a Paris  |b OECD  |c 2014 
300 |a 215 s. 
610 2 0 |a výskum 
610 2 0 |a financovanie 
610 2 0 |a metodológia 
610 2 0 |a projekty 
610 2 0 |a iniciatíva pracovná 
610 2 0 |a zdroje ľudské 
610 2 0 |a kategórie pracovníkov 
610 2 0 |a spolupráca medzinárodná 
610 2 0 |a porovnanie medzinárodné 
610 2 0 |a štúdie prípadové